[Event "I Hotel Nazari GM 2014"]
[Site "Granada ESP"]
[Date "2014.04.15"]
[Round "1.1"]
[White "Ninov, Nikolai"]
[Black "Camacho Collados, Jose"]
[Result "1/2-1/2"]
[WhiteTitle "GM"]
[BlackTitle "IM"]
[WhiteElo "2462"]
[BlackElo "2388"]
[WhiteFideId "2900424"]
[BlackFideId "2265427"]
[EventDate "2014.04.15"]

1. e4 c5 2. Nf3 Nc6 3. d4 cxd4 4. Nxd4 Nf6 5. Nc3 e6 6. Ndb5 Bc5 7. Bf4 O-O 8.
Bc7 Qe7 9. Bd6 Bxd6 10. Qxd6 Ne8 11. Qxe7 Nxe7 12. O-O-O f5 13. Nd6 Nxd6 14.
Rxd6 fxe4 15. Nxe4 Nf5 16. Rd2 d5 17. Ng5 b6 18. Bd3 e5 19. g4 h6 20. gxf5 hxg5
21. Re1 e4 22. Bb5 Bb7 23. Bd7 g6 24. Rg1 gxf5 25. Rxg5+ Kf7 26. Rxf5+ Ke7 27.
Rxf8 Rxf8 28. Bg4 Kf6 29. Kd1 Ke5 30. c3 Ba6 31. h3 Rf6 32. Be2 Bc8 33. Bg4 Ba6
34. Be2 Bc8 35. Bg4 Ba6 1/2-1/2

[Event "I Hotel Nazari GM 2014"]
[Site "Granada ESP"]
[Date "2014.04.15"]
[Round "1.2"]
[White "Rodriguez Guerrero, Enrique"]
[Black "Trent, Lawrence"]
[Result "0-1"]
[WhiteTitle "GM"]
[BlackTitle "IM"]
[WhiteElo "2432"]
[BlackElo "2468"]
[WhiteFideId "2216892"]
[BlackFideId "408638"]
[EventDate "2014.04.15"]

1. e4 e5 2. Bc4 Nf6 3. d3 c6 4. Nf3 d5 5. Bb3 a5 6. Nc3 Bb4 7. a3 Bxc3+ 8. bxc3
a4 9. Ba2 Qd6 10. exd5 Nxd5 11. Bd2 Bg4 12. h3 Bh5 13. Qe2 O-O 14. g4 Bg6 15. c4
e4 16. dxe4 Nf4 17. e5 Qxa3 18. Qd1 Bxc2 19. Bb1 Nd3+ 20. Kf1 Bxd1 21. Rxa3 Bxf3
22. Bxd3 Bxh1 23. Bc2 Nd7 24. Bf4 Nb6 0-1

[Event "I Hotel Nazari GM 2014"]
[Site "Granada ESP"]
[Date "2014.04.15"]
[Round "1.3"]
[White "Piasetski, Leon"]
[Black "Ibarra Jerez, Jose Carlos"]
[Result "0-1"]
[WhiteTitle "IM"]
[BlackTitle "GM"]
[WhiteElo "2293"]
[BlackElo "2522"]
[WhiteFideId "2600072"]
[BlackFideId "2226332"]
[EventDate "2014.04.15"]

1. Nf3 d6 2. d4 Nf6 3. c4 g6 4. Nc3 Bf5 5. Ng5 Bg7 6. e4 Bg4 7. Be2 Bxe2 8. Qxe2
Nc6 9. d5 Nd4 10. Qd1 c5 11. dxc6 Nxc6 12. O-O O-O 13. Bd2 Nd7 14. Rb1 Rc8 15.
b3 a6 16. a4 Nc5 17. Re1 e6 18. Nf3 Nb4 19. Bg5 Qa5 20. Bd2 Qb6 21. Qe2 h6 22.
Red1 Rfe8 23. Be1 Rcd8 24. h3 Kh7 25. e5 dxe5 26. Nxe5 Qc7 27. f4 f6 28. Ne4
fxe5 29. Bxb4 Nxe4 30. Qxe4 exf4 31. Be1 e5 32. Bh4 Qb6+ 33. Kh2 Rd4 34. Rxd4
Qxd4 35. Qxb7 e4 36. Qf7 Rf8 37. Qd5 Qxd5 38. cxd5 g5 39. Be1 Be5 40. Kg1 Rc8
41. Rd1 Bd6 42. Kf1 Kg6 43. Rd4 Kf5 44. Rc4 Rxc4 45. bxc4 e3 46. Ba5 Ke4 47. Bb6
Kd3 48. c5 e2+ 49. Kf2 Be5 50. c6 Bc3 0-1

[Event "I Hotel Nazari GM 2014"]
[Site "Granada ESP"]
[Date "2014.04.15"]
[Round "1.4"]
[White "Pilgaard, Kim"]
[Black "Camacho Collados, Marcos"]
[Result "1/2-1/2"]
[WhiteTitle "IM"]
[WhiteElo "2384"]
[BlackElo "2417"]
[WhiteFideId "1400657"]
[BlackFideId "2266237"]
[EventDate "2014.04.15"]

1. d4 b6 2. e4 Bb7 3. Bd3 e6 4. Nf3 c5 5. c3 d6 6. O-O Nd7 7. Nbd2 Be7 8. Re1
Qc7 9. Nf1 Ngf6 10. b3 O-O 11. Ng3 Rfe8 12. Bb2 Bf8 13. Qd2 e5 14. Rad1 a6 15.
dxe5 dxe5 16. c4 g6 17. Ne2 Bg7 18. Nc3 Rad8 19. Bb1 Nb8 20. Nd5 Nxd5 21. exd5
Qd6 22. Qe2 Nd7 23. Ng5 h6 24. Ne4 Qf8 25. g4 Nf6 26. Nxf6+ Bxf6 27. Qf3 Qd6 28.
Rd2 Re7 29. Rde2 Rde8 30. Qg3 Bc8 31. h4 1/2-1/2

[Event "I Hotel Nazari GM 2014"]
[Site "Granada ESP"]
[Date "2014.04.16"]
[Round "2.2"]
[White "Camacho Collados, Marcos"]
[Black "Moreno Trujillo, Alejandro"]
[Result "1-0"]
[BlackTitle "IM"]
[WhiteElo "2417"]
[BlackElo "2533"]
[WhiteFideId "2266237"]
[BlackFideId "2217880"]
[EventDate "2014.04.15"]

1. e4 e6 2. Qe2 c5 3. Nf3 Nc6 4. c3 d5 5. d3 g6 6. Bg5 f6 7. Bd2 Nge7 8. exd5
Qxd5 9. d4 Bg7 10. c4 Qd6 11. dxc5 Qxc5 12. Nc3 Nf5 13. Ne4 Qe7 14. Bc3 O-O 15.
g4 Nd6 16. Nxd6 Qxd6 17. Rd1 Qe7 18. Nd4 Nxd4 19. Bxd4 e5 20. Bc3 f5 21. gxf5
Rxf5 22. Bh3 Rf4 23. Bg2 Bg4 24. Bd5+ Kh8 25. f3 Qh4+ 26. Kd2 Qg5 27. Kc2 Raf8
28. Rhf1 Bh3 29. Rg1 Qf6 30. Be4 Bf5 31. Qe3 Bxe4+ 32. fxe4 Qc6 33. Rge1 Qxc4
34. Qxa7 b5 35. Qb7 Qxa2 36. Qxb5 Rf2+ 37. Re2 Rxe2+ 38. Qxe2 Qa4+ 39. Kb1 h5
40. Rd5 Rf4 41. Rxe5 Rg4 42. Qf2 1-0

[Event "I Hotel Nazari GM 2014"]
[Site "Granada ESP"]
[Date "2014.04.16"]
[Round "2.3"]
[White "Ibarra Jerez, Jose Carlos"]
[Black "Pilgaard, Kim"]
[Result "1/2-1/2"]
[WhiteTitle "GM"]
[BlackTitle "IM"]
[WhiteElo "2522"]
[BlackElo "2384"]
[WhiteFideId "2226332"]
[BlackFideId "1400657"]
[EventDate "2014.04.15"]

1. d4 d5 2. Nc3 Nf6 3. Bf4 e6 4. e3 Be7 5. Bd3 c5 6. dxc5 Bxc5 7. Nb5 Na6 8. Nf3
O-O 9. a3 b6 10. O-O Bb7 11. Qe2 Be7 12. b4 Ne8 13. c4 Nac7 14. Nxc7 Nxc7 15. e4
Bd6 16. Bxd6 Qxd6 17. cxd5 exd5 18. e5 Qe7 19. Nd4 g6 20. f4 a5 21. Qb2 axb4 22.
axb4 Ne6 23. Rxa8 Rxa8 24. f5 Ng5 25. e6 fxe6 26. h4 Ne4 27. Bxe4 dxe4 28. Nxe6
Bd5 29. f6 Qxe6 30. f7+ Qxf7 31. Rxf7 Bxf7 32. Qd4 b5 33. Qxe4 Rd8 34. g4 Rd5
35. g5 Kg7 36. Qf4 Rf5 37. Qd4+ Kg8 38. Kh2 Bc4 39. Qd6 Kg7 40. Kg3 h5 41. gxh6+
Kxh6 42. Qe7 Bf7 43. Kg4 Kg7 44. Qd7 Rh5 45. Qd4+ Kg8 46. Qd8+ Kg7 47. Kf4 Rf5+
48. Ke4 Rh5 49. Qd4+ Kg8 50. Qf2 Rf5 51. Qg3 Kg7 52. Qc3+ Kg8 53. Qc8+ Kg7 54.
Qc3+ Kg8 55. Qc8+ Kg7 56. Qc3+ 1/2-1/2

[Event "I Hotel Nazari GM 2014"]
[Site "Granada ESP"]
[Date "2014.04.16"]
[Round "2.4"]
[White "Trent, Lawrence"]
[Black "Piasetski, Leon"]
[Result "1/2-1/2"]
[WhiteTitle "IM"]
[BlackTitle "IM"]
[WhiteElo "2468"]
[BlackElo "2293"]
[WhiteFideId "408638"]
[BlackFideId "2600072"]
[EventDate "2014.04.15"]

1. Nc3 d5 2. d4 Nf6 3. Bg5 h6 4. Bxf6 exf6 5. e3 c6 6. Bd3 Bd6 7. Qf3 Be6 8.
Nge2 Nd7 9. e4 Nb6 10. Nf4 Bxf4 11. Qxf4 Qe7 12. O-O O-O 13. exd5 cxd5 14. b3
Rac8 15. Ne2 Rfe8 16. Rfe1 Qc7 17. Qxc7 Rxc7 18. Nf4 Kf8 19. Kf1 Nc8 20. Re2 Nd6
21. Rae1 Rce7 22. a4 a6 23. f3 g5 24. Nh5 Bf5 25. Bxf5 Nxf5 26. Nxf6 Rxe2 27.
Rxe2 Rc8 28. Re5 Nxd4 29. Rxd5 Nxc2 30. Rd7 Ne3+ 31. Kf2 Nf5 32. Ne4 Rc2+ 33.
Nd2 Ke8 34. Rd3 Ke7 35. Ke2 Nd6 36. Kd1 Ra2 37. Kc1 Ra1+ 38. Nb1 Ra2 39. Nd2
Ra1+ 40. Nb1 1/2-1/2

[Event "I Hotel Nazari GM 2014"]
[Site "Granada ESP"]
[Date "2014.04.16"]
[Round "2.5"]
[White "Ninov, Nikolai"]
[Black "Rodriguez Guerrero, Enrique"]
[Result "1/2-1/2"]
[WhiteTitle "GM"]
[BlackTitle "GM"]
[WhiteElo "2462"]
[BlackElo "2432"]
[WhiteFideId "2900424"]
[BlackFideId "2216892"]
[EventDate "2014.04.15"]

1. e4 c5 2. Nf3 Nc6 3. d4 cxd4 4. Nxd4 e6 5. Nb5 d6 6. c4 Nf6 7. N1c3 a6 8. Na3
Be7 9. Be2 O-O 10. O-O b6 11. Be3 Ne5 12. f4 Ned7 13. Bf3 Bb7 14. Rc1 Rc8 15.
Qe2 Qc7 16. Nab1 Qb8 17. Nd2 Rfe8 18. Bf2 Bc6 19. Nb3 Bf8 20. Nd4 Ba8 21. Nc2 h6
22. Rfe1 1/2-1/2

[Event "I Hotel Nazari GM 2014"]
[Site "Granada ESP"]
[Date "2014.04.16"]
[Round "3.1"]
[White "Rodriguez Guerrero, Enrique"]
[Black "Camacho Collados, Jose"]
[Result "1/2-1/2"]
[WhiteTitle "GM"]
[BlackTitle "IM"]
[WhiteElo "2432"]
[BlackElo "2388"]
[WhiteFideId "2216892"]
[BlackFideId "2265427"]
[EventDate "2014.04.15"]

1. e4 c5 2. Nf3 Nc6 3. d4 cxd4 4. Nxd4 Nf6 5. Nc3 e6 6. Ndb5 Bc5 7. Nd6+ Ke7 8.
Bf4 e5 9. Nf5+ Kf8 10. Bg5 Bb4 11. Qf3 Nd4 12. Nxd4 exd4 13. a3 dxc3 14. axb4
cxb2 15. Rb1 d5 16. Bxf6 gxf6 17. Bd3 dxe4 18. Qxe4 Qe7 19. Rxb2 f5 20. Qxe7+
Kxe7 21. Kd2 Be6 22. Re1 Rhd8 23. g3 Kf6 24. Ke3 Re8 25. Kf4 Rad8 26. Re3 Rd4+
27. Kf3 Rc8 28. Ke2 f4 29. Re4 Rxe4+ 30. Bxe4 fxg3 31. fxg3 b6 32. Rb1 Ke5 33.
Bd3 h5 34. Ra1 Rc7 35. Kd2 f5 36. Re1+ Kf6 37. Rf1 Rg7 38. c4 h4 39. Rf3 hxg3
40. hxg3 a5 41. bxa5 bxa5 42. Kc3 Rg4 43. Re3 a4 44. Kb4 a3 45. Kxa3 Bxc4 46.
Bc2 f4 47. gxf4 Rxf4 1/2-1/2

[Event "I Hotel Nazari GM 2014"]
[Site "Granada ESP"]
[Date "2014.04.16"]
[Round "3.2"]
[White "Piasetski, Leon"]
[Black "Ninov, Nikolai"]
[Result "1/2-1/2"]
[WhiteTitle "IM"]
[BlackTitle "GM"]
[WhiteElo "2293"]
[BlackElo "2462"]
[WhiteFideId "2600072"]
[BlackFideId "2900424"]
[EventDate "2014.04.15"]

1. c4 e6 2. Nf3 d5 3. g3 dxc4 4. Qa4+ Bd7 5. Qxc4 Bc6 6. Bg2 Bd5 7. Qa4+ Qd7 8.
Qxd7+ Nxd7 9. Nc3 Ngf6 10. Nxd5 exd5 11. O-O a5 12. d3 c6 13. Bf4 Nc5 14. Nd4
Ne6 15. Nxe6 fxe6 16. Rac1 Kf7 17. a3 1/2-1/2

[Event "I Hotel Nazari GM 2014"]
[Site "Granada ESP"]
[Date "2014.04.16"]
[Round "3.3"]
[White "Pilgaard, Kim"]
[Black "Trent, Lawrence"]
[Result "1/2-1/2"]
[WhiteTitle "IM"]
[BlackTitle "IM"]
[WhiteElo "2384"]
[BlackElo "2468"]
[WhiteFideId "1400657"]
[BlackFideId "408638"]
[EventDate "2014.04.15"]

1. d4 Nf6 2. c4 c5 3. d5 b5 4. cxb5 a6 5. f3 axb5 6. e4 Qa5+ 7. Bd2 b4 8. Na3 d6
9. Nc4 Qc7 10. a3 e6 11. dxe6 Bxe6 12. Bf4 Bxc4 13. Bxc4 Be7 14. Ne2 O-O 15. O-O
Nc6 16. Qc2 Nd7 17. Rfd1 Nb6 18. Bd5 bxa3 19. Bxc6 Qxc6 20. Rxa3 Rxa3 21. bxa3
Rc8 22. Nc3 Ra8 23. Qb3 h6 24. Qb5 Qxb5 25. Nxb5 Nc4 26. Rc1 Ra5 27. Nd4 Ra4 28.
Nb5 Bg5 29. Bxg5 hxg5 30. Kf2 g6 31. Rd1 Ra6 32. Ke2 Kg7 33. Rc1 Ne5 34. Rd1 Nc4
35. Rc1 Ne5 1/2-1/2

[Event "I Hotel Nazari GM 2014"]
[Site "Granada ESP"]
[Date "2014.04.16"]
[Round "3.4"]
[White "Moreno Trujillo, Alejandro"]
[Black "Ibarra Jerez, Jose Carlos"]
[Result "1/2-1/2"]
[WhiteTitle "IM"]
[BlackTitle "GM"]
[WhiteElo "2533"]
[BlackElo "2522"]
[WhiteFideId "2217880"]
[BlackFideId "2226332"]
[EventDate "2014.04.15"]

1. Nf3 d6 2. d4 Bg4 3. c4 Nd7 4. Nc3 g6 5. d5 Bxf3 6. exf3 Bg7 7. Be2 Nh6 8. g4
e5 9. h4 Qe7 10. Be3 a6 11. Qa4 f5 12. O-O-O f4 13. Bd2 Nf7 14. Ne4 O-O 15. Qb3
Rab8 16. a4 Rfc8 17. Bc3 c6 18. c5 Nxc5 19. Nxc5 cxd5 20. Rxd5 Rxc5 21. Rxc5
dxc5 22. Bxa6 e4 23. Bc4 e3 24. Bxf7+ Qxf7 25. Qxf7+ Kxf7 26. Bxg7 Kxg7 27. fxe3
Ra8 28. b3 b5 29. e4 bxa4 30. Kc2 Kf6 31. bxa4 Rxa4 32. Rd1 Ra2+ 33. Kb3 Rh2 34.
Kc4 Ke6 35. Kxc5 Rxh4 36. Rd6+ Ke5 37. Rd5+ Ke6 38. Rd6+ Ke5 39. g5 Rh1 40. Kc6
Ra1 41. Rd3 Ke6 42. Rd6+ Ke5 43. Rd3 Ke6 44. Rd6+ Ke5 1/2-1/2

[Event "I Hotel Nazari GM 2014"]
[Site "Granada ESP"]
[Date "2014.04.17"]
[Round "4.1"]
[White "Camacho Collados, Jose"]
[Black "Camacho Collados, Marcos"]
[Result "0-1"]
[WhiteTitle "IM"]
[WhiteElo "2388"]
[BlackElo "2417"]
[WhiteFideId "2265427"]
[BlackFideId "2266237"]
[EventDate "2014.04.15"]

1. Nf3 d6 2. d4 g6 3. g3 Bg7 4. Bg2 f5 5. Nc3 Nf6 6. Bg5 O-O 7. Qd2 Nbd7 8. Bh6
Ne4 9. Nxe4 fxe4 10. Nh4 d5 11. f3 Nf6 12. O-O Qd6 13. Bxg7 Kxg7 14. Qe3 Bd7 15.
fxe4 dxe4 16. c4 c5 17. Rad1 cxd4 18. Qxd4 Qxd4+ 19. Rxd4 Bg4 20. e3 Rad8 21. h3
Be2 22. Rc1 e5 23. Rxd8 Rxd8 24. Rc2 Rd1+ 25. Kh2 Bd3 26. Rf2 Bxc4 27. Rc2 Be6
28. Rc7+ Rd7 29. Rxd7+ Bxd7 30. Bf1 b5 31. Kg2 a6 32. g4 h5 33. gxh5 gxh5 34.
Kf2 Be6 35. a3 Kh6 36. Kg3 Kg5 37. a4 Bc4 38. Bxc4 bxc4 39. Ng2 Nd5 40. Kf2 Nb6
41. a5 Na4 42. Ke2 Nxb2 43. Kd2 Na4 44. Kc2 Kf5 45. Nh4+ Kf6 46. Kd2 Ke6 47. Ng6
Nc5 48. Kc3 Nb7 49. Kxc4 Nxa5+ 50. Kb4 Nc6+ 51. Kc5 Ne7 52. Nf8+ Kf7 53. Nd7 a5
54. Nb6 Ke6 55. Nc4 Nc8 56. Nxa5 Nd6 57. Kc6 h4 58. Kc5 Nf7 59. Nb7 Ng5 60. Nd8+
Kf5 61. Nb7 Nxh3 62. Nd6+ Kg4 63. Nxe4 Ng5 64. Nd2 h3 65. Nf1 Kf3 66. e4 Kxe4
67. Kc4 Nf3 68. Kc3 Kf4 69. Kd3 h2 0-1

[Event "I Hotel Nazari GM 2014"]
[Site "Granada ESP"]
[Date "2014.04.17"]
[Round "4.3"]
[White "Trent, Lawrence"]
[Black "Moreno Trujillo, Alejandro"]
[Result "1-0"]
[WhiteTitle "IM"]
[BlackTitle "IM"]
[WhiteElo "2468"]
[BlackElo "2533"]
[WhiteFideId "408638"]
[BlackFideId "2217880"]
[EventDate "2014.04.15"]

1. e4 e6 2. d4 d5 3. Nd2 c5 4. Ngf3 cxd4 5. exd5 Qxd5 6. Bc4 Qd7 7. O-O Nc6 8.
Nb3 Nf6 9. Nbxd4 a6 10. Re1 Nxd4 11. Nxd4 b5 12. Bb3 Bb7 13. Bf4 Ne4 14. c3 Rd8
15. Qh5 Bd6 16. Bxe6 Qc7 17. Bd5 Bxd5 18. Qxd5 O-O 19. Bxd6 Nxd6 20. Qc6 Qa7 21.
a4 b4 22. Qf3 bxc3 23. Nc6 Qc7 24. Nxd8 cxb2 25. Rab1 Qxd8 26. Rxb2 Qa5 27. Qd1
Nc4 28. Rbe2 g6 29. Re8 Qc5 30. Qd8 Rxe8 31. Rxe8+ Kg7 32. Rg8+ Kh6 33. Qh4+ Qh5
34. Qxc4 1-0

[Event "I Hotel Nazari GM 2014"]
[Site "Granada ESP"]
[Date "2014.04.17"]
[Round "4.4"]
[White "Ninov, Nikolai"]
[Black "Pilgaard, Kim"]
[Result "1-0"]
[WhiteTitle "GM"]
[BlackTitle "IM"]
[WhiteElo "2462"]
[BlackElo "2384"]
[WhiteFideId "2900424"]
[BlackFideId "1400657"]
[EventDate "2014.04.15"]

1. e4 c5 2. Nf3 d6 3. d4 cxd4 4. Qxd4 Nc6 5. Bb5 Bd7 6. Qd3 Nf6 7. c4 e6 8. Nc3
Be7 9. O-O O-O 10. Bf4 a6 11. Ba4 Nb4 12. Qe2 Bxa4 13. Nxa4 Qa5 14. Nc3 Nc6 15.
Rfd1 Rfd8 16. Rac1 Ng4 17. Ne1 Nge5 18. Bd2 Nd4 19. Qf1 Ndc6 20. Nc2 Qc5 21. b3
Ng4 22. h3 Nf6 23. b4 Qh5 24. f4 Rac8 25. g4 Qh4 26. Qf3 d5 27. exd5 Nxb4 28.
Ne3 Bc5 29. Be1 Qh6 30. a3 Nbxd5 31. cxd5 exd5 32. Kg2 Bxa3 33. Nf5 Qg6 34. Nxd5
Nxd5 35. Qxd5 Qf6 36. Rxc8 Rxc8 37. Qxb7 Re8 38. Qd7 Rb8 39. Bc3 Qb6 40. Bxg7 1-0

[Event "I Hotel Nazari GM 2014"]
[Site "Granada ESP"]
[Date "2014.04.17"]
[Round "4.5"]
[White "Rodriguez Guerrero, Enrique"]
[Black "Piasetski, Leon"]
[Result "1-0"]
[WhiteTitle "GM"]
[BlackTitle "IM"]
[WhiteElo "2432"]
[BlackElo "2293"]
[WhiteFideId "2216892"]
[BlackFideId "2600072"]
[EventDate "2014.04.15"]

1. e4 e5 2. Bc4 Nf6 3. d3 c6 4. Nf3 d5 5. Bb3 a5 6. a4 Nbd7 7. Nc3 Bb4 8. O-O
Bxc3 9. bxc3 O-O 10. exd5 Nxd5 11. Bb2 f6 12. d4 e4 13. Ne1 Kh8 14. c4 Ne7 15.
c3 Nb6 16. c5 Nbd5 17. c4 Nb4 18. Bc3 Nf5 19. Nc2 Nh4 20. f3 exf3 21. g3 Qe8 22.
Rf2 Qg6 23. Nxb4 axb4 24. Bxb4 Bh3 25. Qd2 Rae8 26. Bd1 Bg2 27. d5 f5 28. gxh4
Bh3+ 29. Qg5 Re4 30. Qxg6 hxg6 31. Bxf3 Rxc4 32. Ba5 Ra8 33. Bb6 Rcxa4 34. Rxa4
Rxa4 35. Rd2 cxd5 36. Bxd5 Rf4 37. Rd1 1-0

[Event "I Hotel Nazari GM 2014"]
[Site "Granada ESP"]
[Date "2014.04.17"]
[Round "5.1"]
[White "Piasetski, Leon"]
[Black "Camacho Collados, Jose"]
[Result "1/2-1/2"]
[WhiteTitle "IM"]
[BlackTitle "IM"]
[WhiteElo "2293"]
[BlackElo "2388"]
[WhiteFideId "2600072"]
[BlackFideId "2265427"]
[EventDate "2014.04.15"]

1. c4 Nf6 2. Nf3 g6 3. Nc3 Bg7 4. e4 c5 5. d4 cxd4 6. Nxd4 O-O 7. Be3 Nc6 8. Be2
b6 9. O-O Bb7 10. f3 e6 11. Nxc6 Bxc6 12. Bd4 d5 13. cxd5 exd5 14. e5 Nd7 15. f4
f6 16. e6 Nc5 17. Bxc5 bxc5 18. Bf3 f5 19. Bxd5 Bd4+ 20. Qxd4 cxd4 21. e7+ Bxd5
22. exd8=Q Rfxd8 23. Nxd5 Rxd5 24. Rfd1 Re8 25. Kf2 Re4 26. g3 Kf7 27. Rd2 Ke6
28. Rc1 h6 29. h3 Rd6 30. Rc5 Ra6 31. b3 Rd6 32. Ra5 a6 33. Rc5 Kf6 34. Rc8 Ke6
35. Rh8 h5 36. Rc8 Kd5 37. Rdc2 Re3 38. Rd2 Ree6 39. Rc4 Re4 40. Rc8 Rc6 41.
Rd8+ Rd6 42. Rc8 Re3 43. Rc7 Rd8 44. Ra7 Re6 45. Rc7 Rdd6 46. Rc4 Re4 47. Rc8
Re3 48. Rc7 Rde6 1/2-1/2

[Event "I Hotel Nazari GM 2014"]
[Site "Granada ESP"]
[Date "2014.04.17"]
[Round "5.2"]
[White "Pilgaard, Kim"]
[Black "Rodriguez Guerrero, Enrique"]
[Result "0-1"]
[WhiteTitle "IM"]
[BlackTitle "GM"]
[WhiteElo "2384"]
[BlackElo "2432"]
[WhiteFideId "1400657"]
[BlackFideId "2216892"]
[EventDate "2014.04.15"]

1. d4 Nf6 2. c4 c5 3. d5 b5 4. cxb5 a6 5. f3 axb5 6. e4 Qa5+ 7. Bd2 b4 8. Na3 d6
9. Nc4 Qd8 10. a3 e6 11. dxe6 Bxe6 12. Ne3 d5 13. exd5 Nxd5 14. Bb5+ Bd7 15.
Bxd7+ Qxd7 16. Nxd5 Qxd5 17. Ne2 Be7 18. O-O O-O 19. Bf4 Qe6 20. Re1 Bf6 21. Rb1
Rd8 22. Qc2 Nd7 23. Ng3 Bd4+ 24. Kh1 b3 25. Qf5 Qg6 26. Qd5 Qc2 27. Rbc1 Ne5 28.
Qxa8 Rxa8 29. Rxc2 bxc2 30. Bxe5 Bxe5 31. Rc1 Rd8 0-1

[Event "I Hotel Nazari GM 2014"]
[Site "Granada ESP"]
[Date "2014.04.17"]
[Round "5.3"]
[White "Moreno Trujillo, Alejandro"]
[Black "Ninov, Nikolai"]
[Result "1/2-1/2"]
[WhiteTitle "IM"]
[BlackTitle "GM"]
[WhiteElo "2533"]
[BlackElo "2462"]
[WhiteFideId "2217880"]
[BlackFideId "2900424"]
[EventDate "2014.04.15"]

1. d4 Nf6 2. Nf3 e6 3. Bf4 c5 4. e3 cxd4 5. exd4 b6 6. Bd3 Be7 7. h3 O-O 8. O-O
Ba6 9. Bxa6 Nxa6 10. a4 Qc8 11. c3 Nb8 12. Nbd2 Nc6 13. Qe2 d5 14. Rfe1 Re8 15.
Qd3 Bf8 16. Re3 g6 17. g4 Nd7 18. Rae1 Bg7 19. R3e2 Nd8 20. b3 Qc6 21. c4 Nb7
22. Ne5 Nxe5 23. Bxe5 dxc4 24. bxc4 f6 25. Bg3 Rad8 26. Nb3 e5 27. d5 Qxa4 28.
Ra1 Nc5 29. Rxa4 Nxd3 30. Rxa7 Rc8 31. Nd2 Red8 32. Re3 Nb2 33. Rb3 Nxc4 34.
Nxc4 Rxc4 35. Rxb6 g5 36. Rbb7 Bf8 37. Rxh7 Rxd5 38. Rhb7 Rb4 39. Kg2 Rxb7 40.
Rxb7 Rd4 41. Kf3 Bg7 42. Ke2 Re4+ 43. Kd3 Rd4+ 44. Ke2 Re4+ 45. Kf1 Kh7 46. f3
Re3 47. Kf2 Ra3 48. h4 gxh4 49. Bxh4 Kg6 50. Rb6 Kf7 51. Rc6 1/2-1/2

[Event "I Hotel Nazari GM 2014"]
[Site "Granada ESP"]
[Date "2014.04.17"]
[Round "5.5"]
[White "Camacho Collados, Marcos"]
[Black "Ibarra Jerez, Jose Carlos"]
[Result "1-0"]
[BlackTitle "GM"]
[WhiteElo "2417"]
[BlackElo "2522"]
[WhiteFideId "2266237"]
[BlackFideId "2226332"]
[EventDate "2014.04.15"]

1. Nf3 d5 2. b3 Bg4 3. e3 Nd7 4. Bb2 Ngf6 5. d3 e6 6. Nbd2 Be7 7. h3 Bxf3 8.
Qxf3 O-O 9. g4 Ne8 10. h4 a5 11. a4 c6 12. g5 f5 13. e4 Nc7 14. exf5 exf5 15.
Bh3 Bd6 16. O-O-O Be5 17. d4 Bd6 18. Rde1 b5 19. Qd3 g6 20. h5 Re8 21. Rxe8+
Qxe8 22. hxg6 hxg6 23. Bxf5 gxf5 24. Qxf5 Qe6 25. Qh7+ Kf8 26. axb5 cxb5 27. f4
Re8 28. c4 bxc4 29. f5 Qg8 30. Qxd7 Bb4 31. g6 Re7 32. Qd8+ Ne8 33. f6 Re2 34.
g7+ Kf7 35. Qxd5+ Re6 36. Ne4 1-0

[Event "I Hotel Nazari GM 2014"]
[Site "Granada ESP"]
[Date "2014.04.18"]
[Round "6.1"]
[White "Camacho Collados, Jose"]
[Black "Ibarra Jerez, Jose Carlos"]
[Result "1/2-1/2"]
[WhiteTitle "IM"]
[BlackTitle "GM"]
[WhiteElo "2388"]
[BlackElo "2522"]
[WhiteFideId "2265427"]
[BlackFideId "2226332"]
[EventDate "2014.04.15"]

1. Nf3 d5 2. g3 Nc6 3. Bg2 e5 4. d3 Nf6 5. O-O h6 6. a3 a5 7. b3 Bd6 8. Bb2 Qe7
9. c4 d4 10. Nbd2 O-O 11. Ne4 Nxe4 12. dxe4 Rb8 13. Qc2 Bd7 14. Rfc1 b6 15. Ne1
h5 16. Nd3 h4 17. f4 hxg3 18. hxg3 g6 19. Rf1 f6 20. Qc1 Kg7 21. e3 Bc5 22. b4
axb4 23. axb4 Nxb4 24. Nxb4 Bxb4 25. exd4 exd4 26. Bxd4 Bc5 27. Qe3 Bxd4 28.
Qxd4 c5 29. Qc3 Bc6 30. Rfe1 Kg8 1/2-1/2

[Event "I Hotel Nazari GM 2014"]
[Site "Granada ESP"]
[Date "2014.04.18"]
[Round "6.2"]
[White "Trent, Lawrence"]
[Black "Camacho Collados, Marcos"]
[Result "1/2-1/2"]
[WhiteTitle "IM"]
[WhiteElo "2468"]
[BlackElo "2417"]
[WhiteFideId "408638"]
[BlackFideId "2266237"]
[EventDate "2014.04.15"]

1. e4 g6 2. d4 Bg7 3. Nc3 d6 4. f4 a6 5. Nf3 Bg4 6. Be3 Nc6 7. d5 Bxf3 8. gxf3
Nb8 9. Qd2 Nf6 10. f5 Nbd7 11. Rg1 c6 12. O-O-O Qa5 13. Kb1 cxd5 14. exd5 Rc8
15. Bd4 Nb6 16. Qf2 Na4 17. Nxa4 Qxa4 18. Bh3 Rc7 19. c3 b5 20. Bb6 Rb7 21. Rd4
b4 22. Rxb4 Qd7 23. Bf1 g5 24. Rxg5 Bh6 25. Bxa6 Kf8 1/2-1/2

[Event "I Hotel Nazari GM 2014"]
[Site "Granada ESP"]
[Date "2014.04.18"]
[Round "6.4"]
[White "Rodriguez Guerrero, Enrique"]
[Black "Moreno Trujillo, Alejandro"]
[Result "0-1"]
[WhiteTitle "GM"]
[BlackTitle "IM"]
[WhiteElo "2432"]
[BlackElo "2533"]
[WhiteFideId "2216892"]
[BlackFideId "2217880"]
[EventDate "2014.04.15"]

1. e4 e6 2. d4 d5 3. Nc3 Bb4 4. e5 c5 5. a3 Bxc3+ 6. bxc3 Ne7 7. Qg4 O-O 8. Bd3
f5 9. exf6 Rxf6 10. Bg5 Rf7 11. Qh5 g6 12. Qd1 Qa5 13. Qd2 Nec6 14. Nf3 Nd7 15.
O-O cxd4 16. Nxd4 Nde5 17. Be2 Qa4 18. Rfe1 Nxd4 19. cxd4 Nc4 20. Bxc4 Qxc4 21.
h4 Bd7 22. Rab1 b6 23. Rb4 Qc7 24. Re3 Rc8 25. c3 h5 26. Rg3 Kh7 27. Qe2 Rcf8
28. Bd2 Rg7 29. Rb1 Rf5 30. Re1 Qd8 31. Qe3 Kg8 32. Rh3 Rgf7 33. f3 Qf8 34. Bc1
R7f6 35. Qd3 Rf7 36. Bg5 Kg7 37. Bc1 Kg8 38. Rg3 Kh7 39. Qe3 R7f6 40. Rh3 Rf7
41. Qe2 R5f6 42. Qd3 Rf5 43. Rg3 Qd8 44. Rh3 Qf8 45. Re3 Kg8 46. Re2 R5f6 47.
Rg3 Kh7 48. Ra2 Rf5 49. Qe3 Re7 50. Qd3 e5 51. dxe5 Rexe5 52. Be3 Bb5 53. Qxb5
Rxe3 54. Qc6 Qf7 55. Rd2 Re6 56. Qc8 Qe7 57. Rd1 Rf8 58. Qa6 Rf7 59. Qf1 Qxh4
60. Rh3 Qe7 61. Qd3 Re1+ 62. Rxe1 Qxe1+ 63. Kh2 Qe5+ 64. Kh1 Rf4 65. Qa6 Rf7 66.
Qd3 Kg7 67. Qd2 Rf4 68. Qd3 Rc4 69. f4 Rxf4 70. Re3 Re4 71. Rg3 h4 72. Rf3 Re1+
73. Rf1 Qe4 74. Qb5 Rxf1+ 75. Qxf1 h3 0-1